01111namaa22002057a 450000500170000000700150001700800410003202000220007303500100009504000090010524501050011425600240021926000530024330000450029650001240034150602800046565000570074574000380080285600650084020240305165436.0cr|||| ||u| 160112s2015 cu ||||| |||| 00||0 spa d a978-959-7219-21-7 a13017 avLex13aEl lavado de dinero en el Siglo XXIh[Recurso electrónico] /cUnión Nacional de Juristas de Cuba aServicio en línea aCubabUnión Nacional de Juristas de Cubac2015 a1 recurso electrónico (332 Páginas.) aUna visión desde los instrumentos jurídicos internacionales la doctrina y las leyes en América Latina y España.1 aContenido solo disponible en los productos indicadosdvLex GlobaldvLex Global (Academic Edition, excluding Law Schools)dvLex Global (U.S. Academic Edition, Law Schools)dvLex Global (U.S. Academic Edition, excluding Law Schools)dvLex Global (Academic Edition, Law Schools)04aInstrumentos jurídicoszAmérica LatinazEspaña0 avLex libros (servicio en línea)40uhttps://app.vlex.com/#/sources/lavado-dinero-siglo-xxi-13017